Statistics for Crowd-Sourced General Knowledge #22

Click here to take the quiz!

General Stats

  • This quiz has been taken 15,572 times
  • The average score is 14 of 20

Answer Stats

QuestionAnswer% Correct
In the Bible, what did God create with Adam's rib?Eve
85%
What TV sitcom had the theme song "I'll Be There For You"?Friends
85%
Which Williams sister has won more Grand Slam titles?Serena
85%
Name one of the two countries which is sandwiched between India and China.Nepal / Bhutan
83%
How many bones do sharks have?Zero
83%
What African animal gathers in troops led by an alpha male known as a "silverback"?
Gorilla
80%
What was the first U.S. company to have a market valuation of 1 trillion dollars?Apple
79%
What type of "cocktail" was used by Finnish soldiers fighting Soviet invaders
during the Winter War?
{Molotov} cocktail
78%
What university was Mark Zuckerburg attending when he created Facebook?Harvard
77%
What body of water did the ancient Romans call "mare nostrum",
translated into English as "our sea"?
Mediterranean Sea
74%
What did the “Itsy Bitsy Spider” climb up?The waterspout
73%
What is the largest landlocked country in the world?Kazakhstan
72%
In what country would you find the city of Plzeň, from which Pilsner beer takes its name?Czech Republic
62%
According to the writer Herodotus, what land mass might the ancient Phoenicians
have circumnavigated thousands of years before it was done again?
Africa
60%
What layer of the Earth makes up 67% of its mass?The Mantle
59%
What cape was reached by Bartolomeu Dias in 1487 AD, who sailed 1000
miles further south than any European had before?
Cape of Good Hope
57%
What children's author, born Theodor Geisel, chose his pen name despite dropping
out of his doctorate program at Oxford?
Dr. Seuss
55%
Name one of the two islands where orangutans can be found in the wild.Borneo / Sumatra
53%
What German loan word starts with Z and means "spirit of the age"?Zeitgeist
49%
What are the first three words to "Auld Lang Syne"?
Should old
acquaintance
26%

Score Distribution

Percentile by Number Answered

Percent of People with Each Score

Your Score History

You have not taken this quiz